It's not my fault I know everything. #8 : by Jamie ... Read More
Available copies
- 2 of 2 copies available at LARL/NWRL Consortium.
Current holds
0 current holds with 2 total copies.
Show Only Available Copies
| Location | Call Number / Copy Notes | Barcode | Shelving Location | Status | Due Date |
|---|---|---|---|---|---|
| Greenbush Public Library | j pb (Text) | 35500004712145 | Main | Available | - |
| Roseau Public Library | j pb (Text) | 35500005898307 | Main | Available | - |
Record details
- ISBN: 9780439825979 (pbk.) :
- ISBN: 0439825970 (pbk.) :
- Physical Description: 131 p. : ill. ; 20 cm.
- Publisher: New York : Scholastic, c2009.
Content descriptions
| General Note: | "Jim Benton's tales from Mackerel Middle School." "Apple series"--Cover p. [4]. |
| Summary, etc.: | Jamie Kelly looks back through her very oldest ... Read More |
| Target Audience Note: | 5. 008 and up. |
Search for related items by subject
| Subject: | Diaries > Juvenile fiction. Middle schools > Juvenile fiction. |
Search for related items by series
| LDR | 01502cam a2200361Ia 4500 | ||
|---|---|---|---|
| 001 | 101674 | ||
| 003 | LARL_NWRL_CONSORTIUM | ||
| 005 | 20161007135720.0 | ||
| 008 | 080818s2009 nyua j 000 1 eng d | ||
| 020 | . | ‡a9780439825979 (pbk.) : ‡c$5.99 | |
| 020 | . | ‡a0439825970 (pbk.) : ‡c$5.99 | |
| 035 | . | ‡a(OCoLC)244068583 | |
| 082 | 0 | . | ‡a[Fic] ‡222 |
| 100 | 1 | . | ‡aBenton, Jim. ‡0(LARL_NWRL_CONSORTIUM)186079 |
| 245 | 1 | 0. | ‡aIt's not my fault I know everything. ‡n#8 : ‡bby Jamie Kelly / ‡c[by Jim Benton]. |
| 246 | 3 | . | ‡aIt is not my fault I know everything |
| 260 | . | ‡aNew York : ‡bScholastic, ‡cc2009. | |
| 300 | . | ‡a131 p. : ‡bill. ; ‡c20 cm. | |
| 490 | 0 | . | ‡aDear dumb diary ; ‡v8 |
| 500 | . | ‡a"Jim Benton's tales from Mackerel Middle School." | |
| 500 | . | ‡a"Apple series"--Cover p. [4]. | |
| 521 | 0 | . | ‡a5. |
| 521 | 1 | . | ‡a008 and up. |
| 520 | . | ‡aJamie Kelly looks back through her very oldest diaries, and is amazed at how dumb she used to be considering how smart she is now. | |
| 650 | 0. | ‡aDiaries ‡vJuvenile fiction. ‡0(LARL_NWRL_CONSORTIUM)171810 | |
| 650 | 0. | ‡aMiddle schools ‡vJuvenile fiction. ‡0(LARL_NWRL_CONSORTIUM)173367 | |
| 901 | . | ‡a101674 ‡bOCLC ‡c101674 ‡tbiblio | |

Add to basket
Permalink
Disable Highlighting